| 000 | 01151nam a2200301 4500 | ||
|---|---|---|---|
| 003 | EC-UNACH | ||
| 005 | 20260313114445.0 | ||
| 006 | s||||gr|||| 00| 00 | ||
| 008 | 150116t9999 mx r gr 000 0 spa d | ||
| 020 | _a9789978386125 | ||
| 040 |
_aEC-UNACH _cEC-UNACH |
||
| 041 | _aspa | ||
| 082 | 0 | 4 |
_223 _a923.1866 _bL023432 |
| 110 | _aPedagógica Freire | ||
| 245 | _a100 años del natalicio de Monseñor Leónidas Proaño | ||
| 250 | _aPrimera edición | ||
| 264 |
_aEcuador _bPedagógica Freire _c2010 |
||
| 300 | _a267 paginas | ||
| 505 | _a-Antecedentes -Los caminos andinos -El qhapaqñan -Técnica constructiva y materiales utilizados -Dimensiones del Qhapag Ñan -Anchuras de las vías - Obras de adecuación de la superficie del Qhapaq Ñan - Planos inclinados -Rutas turísticas del Qhapaq Ñan -Datos generales de la ruta | ||
| 650 | _aORIGENES | ||
| 650 | _aPAISAJES | ||
| 650 | _aOBRAS | ||
| 700 | _aCasa de la cultura Ecuatoriana Benjamín Carrión Núcleo de Chimborazo | ||
| 942 |
_2ddc _c1 |
||
| 999 | _c14398 | ||